Personnage mystère #23 - Statistiques

Statistiques générales
  • Ce quiz a été pris 214 fois
  • Le résultat moyen est 4 sur 7
Statistiques - réponses
Lettres Indices % Correct
SYDNEI Disney
95%
QUALIDABIOE Diabolique
68%
VIREUPE Pieuvre
68%
NISÈRE Sirène
68%
RIÈSCERO Sorcière
65%
CALESUTETN Tentacules
42%
Nom du personnage Ursula
41%
Aucun quiz correspondant
Distribution des résultats
% des personnes avec chaque résultat
Percentile par nombre de réponses
Votre historique - résultats
Vous n’avez pas pris ce quiz